000 00319nam a2200121Ia 4500
005 20251222141905.0
008 251222s9999||||xx |||||||||||||| ||spa||
082 _a287.4/C14
100 _aCáceres Guinet, Hugo
245 0 _aCómo ser Catequista:
264 _bInstituto Superior Pedagógico Catequético
942 _cLIB
999 _c8177
_d8177